Schengenský prostor jako pevnost Evropa?
Súčasný stav výskumu schengenskej spolupráce. Imigrácia a emigrácia na území jednotlivých členských štátov v roku 2012.
Salvato in:
| Autore principale: | |
|---|---|
| Natura: | Capitolo di libro |
| Lingua: | ceco |
| Soggetti: | |
| Tags: |
Nessun Tag, puoi essere il primo ad aggiungerne!!
|
MARC
| LEADER | 00000naa a2200000 4500 | ||
|---|---|---|---|
| 001 | 0193901 | ||
| 005 | 20231116110736.8 | ||
| 041 | 0 | |a cze | |
| 044 | |a CZ | ||
| 245 | 1 | 0 | |a Schengenský prostor jako pevnost Evropa? |c Markéta Novotná |
| 520 | |a Súčasný stav výskumu schengenskej spolupráce. Imigrácia a emigrácia na území jednotlivých členských štátov v roku 2012. | ||
| 610 | 2 | 0 | |a Európska únia |
| 610 | 2 | 0 | |a pohyb síl pracovných medzinárodný |
| 610 | 2 | 0 | |a imigrácia |
| 610 | 2 | 0 | |a emigrácia |
| 610 | 2 | 0 | |a politika azylová |
| 100 | 1 | |a Novotná, Markéta | |